The tawhidic approach in management and public administration : concepts, principles and an alternative model

Bibliographic Details
Main Author: MOHD. Affandi Hassan
Format: Book
Published: Kuala Lumpur : INTAN , 1992
Subjects:

MARC

LEADER 00000cam a2200000 7i4500
001 0000000007
005 20000622.0
020 0 0 |a 9679933164 
090 0 0 |a 297.1975   |b MOH 1992 
100 0 0 |a MOHD. Affandi Hassan 
245 1 4 |a The tawhidic approach in management and public administration :   |b concepts, principles and an alternative model   |c Mohd. Affandi Hassan 
260 0 0 |a Kuala Lumpur :   |b INTAN ,   |c 1992 
300 |a xvii, 102p. ;   |c 21 cm. 
650 0 0 |a Management   |z Malaysia   |x Religious aspects   |x Islam 
650 0 0 |a Public administration   |z Malaysia 
999 |a 0000000187   |b Monograph   |c Open Shelf   |e Default branch 
999 |a M000000187   |b Monograph   |c Reference   |e Default branch